000
00341nam a22001577a 4500
003
SGT
020
_a
9780973012415
082
_a
658.4038,MOS
100
_a
MOSIMANN,ROLAND
245
_a
THE PERFORMANCE MANAGER
250
_a
1ST
260
_a
CANADA
_b
COGNOS
_c
2007
300
_a
143
650
_a
HUMAN RESOURCE MANAGER
942
_2
ddc
_c
FCM
999
_c
9538
_d
9538